000 00955nam a22002057a 4500
003 OSt
005 20260429160221.0
008 150408b xxu||||| |||| 00| 0 eng d
040 _cBMC
_aBMC
082 _a658.3
100 1 _950262
_aSolórzano Rivera, Gustavo Alfonso
245 1 0 _aPasantía de community manager y apoyo a recursos humanos en Savior Solutions S.A. de C.V.
_b: informe final
_cGustavo Alfonso Solórzano Rivera
260 _aSanta Ana (El Salvador)
_bUniversidad Católica de El Salvador
_c2025
300 _a1 v. (pág. var.)
_c28 cm
_e+ 1 USB
500 _aPrecede al tít.: Universidad Católica de El Salvador, Facultad de Ciencias Empresariales
502 _aTrabajo de graduación para optar al grado académico de Licenciatura en Mercadeo y Negocios Internacionales
650 0 _95702
_aGestión de recursos humanos
710 2 _91067
_aUniversidad Católica de El Salvador
_bFacultad de Ciencias Empresariales
942 _2ddc
_cTG
999 _c36541
_d36541